Países que empiezan por C - Estadísticas

Estadísticas generales
  • Esta prueba ha sido intentada 710 veces
  • La puntuación promedio es 12 de 17
Estadísticas de respuestas
Respuesta % Correcto
Colombia
89%
Canadá
84%
Camerún
81%
China
81%
Chile
78%
Costa Rica
78%
Croacia
76%
Camboya
75%
Corea del Norte
73%
Corea del Sur
73%
Cabo Verde
71%
Comoras
70%
Chipre
69%
Costa de Marfil
69%
Cuba
69%
Chad
63%
Ciudad del Vaticano
27%
No se encontraron pruebas coincidentes
Distribución de puntuación
Porcentaje de gente con cada puntuación
Porcentaje por número respondido
Historial de tus puntuaciones
No has intentado esta prueba.